Manual de procedimiento para la realización de avalúos de bienes inmuebles.
Presenta un Manual de procedimiento para la realización de avalúos de bienes inmuebles enfocado principalmente en edificios de habitación del casco urbano, incluye levantamiento de campo, cálculo de costos unitarios aproximados de construcción, tablas de costos en software OPUS CMS11, avaluó d...
| Main Author: | |
|---|---|
| Other Authors: | |
| Format: | Tesis Section = Libro |
| Language: | Undetermined Spanish |
| Published: |
Managua
UNI
2012
|
| Subjects: |
| LEADER | 01142nam a2200241Ia 4500 | ||
|---|---|---|---|
| 008 | 240830s9999 xx 000 0 und d | ||
| 040 | |a BIBLIOTECA-RUPAP Mon 333.332 T275 | ||
| 041 | |a spa | ||
| 082 | |a Mon 333.332 T275 | ||
| 100 | 1 | |a Téllez Peña, Ricardo Alfonso | |
| 245 | 1 | 0 | |a Manual de procedimiento para la realización de avalúos de bienes inmuebles. |
| 260 | |a Managua |b UNI |c 2012 | ||
| 300 | |a 139 p. :il. | ||
| 500 | |a Contiene: anexos. | ||
| 502 | |a Tesis (Ingeniero Civil)- UNI, 2012. | ||
| 520 | 3 | |a Presenta un Manual de procedimiento para la realización de avalúos de bienes inmuebles enfocado principalmente en edificios de habitación del casco urbano, incluye levantamiento de campo, cálculo de costos unitarios aproximados de construcción, tablas de costos en software OPUS CMS11, avaluó de un edificio y una guía para la realización de cálculo de costos unitarios por medio del software OPUS CMS 11. | |
| 650 | 7 | |a AVALAUO CATASTRAL | |
| 650 | 7 | |b BIENES RAICES | |
| 650 | 7 | |c MANUAL DE PROCEDIMIENTOS | |
| 700 | 1 | |a Tutor: |b Meza Mercado, Edgard William | |
| 942 | |c BK |2 ddc | ||
| 991 | |a TESIS | ||
| 999 | |c 15400 | ||